| 000 | 00434cam a2200181ua 4500 | ||
|---|---|---|---|
| 020 | _c7.00 | ||
| 041 |
_ahin _h |
||
| 082 |
_a891.53 _bRAM/TU |
||
| 100 | _aRamnaresh, Tripadi . | ||
| 245 |
_aTulasidas aur unka kavya / _cRamnaresh tripadi. _hTextual Documents |
||
| 250 |
_a3 / _b. |
||
| 260 |
_a : _bRajpal and Sanch , _c1958. |
||
| 300 | _a320 ; . | ||
| 365 | _a7.00 | ||
| 504 | _a | ||
| 942 | _cBK | ||
| 999 |
_c8424 _d8424 |
||